00330nam a2200133Ia 4500008004100000020001500041041001200056100001600068245004000084250000900124260004000133300000900173650001400182221030s9999 xx 000 0 und d a9351610281 aEnglish aS. P. Gupta 0aStatistical Methodscby S. P. Gupta a44th bSultan Chand &SonsaNew Delhic2014 a1426 aComputers